Fully halogenated chlorofluorocarbons / (Record no. 3968)

000 -LEADER
fixed length control field 01350nam a2200337 a 4500
003 - CONTROL NUMBER IDENTIFIER
control field ALUPE UNIVERSITY COLLEGE
005 - DATE AND TIME OF LATEST TRANSACTION
control field 20220223080505.0
008 - FIXED-LENGTH DATA ELEMENTS--GENERAL INFORMATION
fixed length control field 910114s1990 sz b i000 0 eng d
020 ## - INTERNATIONAL STANDARD BOOK NUMBER
International Standard Book Number 9241571136
040 ## - CATALOGING SOURCE
Transcribing agency ALUPE UNIVERSITY COLLEGE
041 0# - LANGUAGE CODE
Language code of summary or abstract frespa
050 ## - LIBRARY OF CONGRESS CALL NUMBER
Classification number QD305
Item number .H35 1990
090 ## - LOCALLY ASSIGNED LC-TYPE CALL NUMBER (OCLC); LOCAL CALL NUMBER (RLIN)
Classification number (OCLC) (R) ; Classification number, CALL (RLIN) (NR) RA565.A1
Local cutter number (OCLC) ; Book number/undivided call number, CALL (RLIN) E63 no.113
092 ## - LOCALLY ASSIGNED DEWEY CALL NUMBER (OCLC)
Classification number D0400711278
096 ## - LOCALLY ASSIGNED NLM-TYPE CALL NUMBER (OCLC)
Classification number WA240 E61 no.113 1990
245 00 - TITLE STATEMENT
Title Fully halogenated chlorofluorocarbons /
Statement of responsibility, etc. published under the joint sponsorship of the United Nations Environment Programme, the International Labour Organisation, and the World Health Organization
260 ## - PUBLICATION, DISTRIBUTION, ETC.
Place of publication, distribution, etc. Geneva :
Name of publisher, distributor, etc. World Health Organization,
Date of publication, distribution, etc. c1990.
300 ## - PHYSICAL DESCRIPTION
Extent 164 p. ;
Dimensions 21 cm
500 ## - GENERAL NOTE
General note At head of cover: IPCS, International Programme on Chemical Safety
500 ## - GENERAL NOTE
General note In English with summary in French and Spanish
504 ## - BIBLIOGRAPHY, ETC. NOTE
Bibliography, etc. note Includes bibliographical references (p. 106-128)
650 #0 - SUBJECT ADDED ENTRY--TOPICAL TERM
Topical term or geographic name entry element Chlorofluorocarbons
General subdivision Environmental aspects.
650 #0 - SUBJECT ADDED ENTRY--TOPICAL TERM
Topical term or geographic name entry element Chlorofluorocarbons
General subdivision Toxicology.
710 2# - ADDED ENTRY--CORPORATE NAME
Corporate name or jurisdiction name as entry element United Nations Environment Programme.
710 2# - ADDED ENTRY--CORPORATE NAME
Corporate name or jurisdiction name as entry element International Labour Organisation.
710 2# - ADDED ENTRY--CORPORATE NAME
Corporate name or jurisdiction name as entry element World Health Organization.
710 2# - ADDED ENTRY--CORPORATE NAME
Corporate name or jurisdiction name as entry element International Program on Chemical Safety.
830 #0 - SERIES ADDED ENTRY--UNIFORM TITLE
International Standard Serial Number 0250-863X ;
Volume/sequential designation 113.
942 ## - ADDED ENTRY ELEMENTS (KOHA)
Source of classification or shelving scheme
Koha item type Book
Holdings
Withdrawn status Lost status Source of classification or shelving scheme Damaged status Not for loan Permanent Location Current Location Shelving location Date acquired Source of acquisition Total Checkouts Full call number Barcode Date last seen Price effective from Koha item type Public note
          AU LIBRARY AU LIBRARY Open Shelf 23.02.2022 DONATION FROM MOI UNIVERSITY   QD305 .H35 1990 28005765 23.02.2022 23.02.2022 Book WO

Powered by Koha